书目信息 |
| 题名: |
毛泽东诗词注释
|
|
| 作者: | 石森 注释 | |
| 分册: | ||
| 出版信息: | 桂林 漓江出版社 1990.7 |
|
| 页数: | 159页 | |
| 开本: | 19cm | |
| 丛书名: | ||
| 单 册: | ||
| 中图分类: | A841.4 | |
| 科图分类: | ||
| 主题词: | 毛主席诗词研究 | |
| 电子资源: | ||
| ISBN: | 7-5407-0553-1 | |
| 000 | 00565nam 2200205 45 | |
| 001 | 0190005606 | |
| 005 | 20051117142026.21 | |
| 010 | @a7-5407-0553-1@dCNY2.75 | |
| 100 | @a19901113d1990 m y0chiy0121 ea | |
| 101 | 0 | @achi |
| 102 | @aCN@b450000 | |
| 105 | @af z 000gy | |
| 200 | 10 | @a毛泽东诗词注释@AMAO ZE DONG SHI CI ZHU SHI@f石森注释@FShi Sen Zhu Shi |
| 210 | @a桂林@c漓江出版社@d1990.7 | |
| 215 | @a159页@c照片@d19cm | |
| 606 | 0 | @a毛主席诗词研究 |
| 690 | @aA841.4@v3 | |
| 701 | 0 | @a石森@4注释 |
| 801 | 0 | @aCN@bNLC@c20051117 |
| 905 | @dA841.4@e33@f1@b248146 | |
| 毛泽东诗词注释/石森注释.-桂林:漓江出版社,1990.7 |
| 159页:照片;19cm |
| ISBN 7-5407-0553-1:CNY2.75 |
| ● |
| 相关链接 |
|
|
|
|
正题名:毛泽东诗词注释
索取号:A841.4/33
 
预约/预借
| 序号 | 登录号 | 条形码 | 馆藏地/架位号 | 状态 | 备注 |
| 1 | 0248142 | 202145758 | 密集书库/ [索取号:A841.4/33] | 在馆 | |
| 2 | 0248143 | 001390890 | 第一借阅区/ [索取号:A841.4/33] | 在馆 | |
| 3 | 0248144 | 001390863 | 第一借阅区/ [索取号:A841.4/33] | 在馆 | |
| 4 | 0248145 | 001587937 | 第一借阅区/ [索取号:A841.4/33] | 在馆 | |
| 5 | 0248146 | 001390854 | 第一样本阅览室/ [索取号:A841.4/33] | 在馆 |